000 01723cam a22003974a 4500
001 12361643
003 GBCCL
005 20260304113953.0
008 010328s2001 oruab b 001 0 eng
020 _a0736901388
020 _a9780736901383
035 _a12361643
040 _aDLC
_cDLC
_dDLC
082 0 0 _a236.9
_221
_bLAH 1
100 1 _aLaHaye, Tim,
_d1926-2016.
245 1 0 _aCharting the end times /
_cTim LaHaye, Thomas Ice.
260 _aEugene, OR :
_bHarvest House Publishers,
_cc2001.
300 _a141 p. :
_bcol. ill., col. maps ;
_c25 cm.
336 _atext
_btxt
_2rdacontent
337 _aunmediated
_bn
_2rdamedia
338 _avolume
_bnc
_2rdacarrier
490 1 _aTim LaHaye prophecy library
500 _aIncludes 1 folded chart in front of book.
504 _aIncludes bibliographical references and indexes.
630 0 0 _aBible
_xProphecies
_xEnd of the world.
630 0 0 _aBible
_xProphecies
_xEnd of the world
_vCharts, diagrams, etc.
650 0 _aEnd of the world
_xBiblical teaching.
650 0 _aEnd of the world
_xBiblical teaching
_vCharts, diagrams, etc.
700 1 _aIce, Thomas.
856 4 2 _3Publisher description
_uhttp://www.loc.gov/catdir/enhancements/fy0714/2001024465-d.html
856 4 2 _3Contributor biographical information
_uhttps://www.loc.gov/catdir/enhancements/fy1612/2001024465-b.html
906 _a7
_bcbc
_corignew
_d1
_eocip
_f20
_gy-gencatlg
942 _2ddc
_cBK
_n0
999 _c11155
_d11155